[Event "Santa Eugenia op 17th"]
[Site "Santa Eugenia"]
[Date "2023.08.02"]
[Round "5"]
[White "Sabria Batlle, Pol"]
[Black "Villalba Pons, Max"]
[Result "1-0"]
[WhiteElo "2291"]
[BlackElo "1699"]
[PlyCount "49"]
[EventDate "2023.07.31"]
[EventType "swiss"]
[EventRounds "9"]
[EventCountry "ESP"]
[SourceTitle "CBM 215 Extra"]
[Source "ChessBase"]
[SourceDate "2023.09.30"]
[SourceVersion "1"]
[SourceVersionDate "2023.09.30"]
[SourceQuality "1"]

1. Nf3 d5 2. c4 e6 3. g3 Nf6 4. Bg2 Be7 5. 0-0 0-0 6. b3 Nbd7 7. Bb2 c6 8. d4 b6 9. Nbd2 Bb7 10. Ne5 Rc8 11. Rc1 c5 12. e3 Re8 13. Qe2 Ne4 14. Nxe4 dxe4 15. f4 f5 16. g4 g6 17. Nxd7 Qxd7 18. Rcd1 Ba6 19. dxc5 Qc7 20. gxf5 exf5 21. Qd2 Bf8 22. Qc3 Bg7 23. Qxg7+ Qxg7 24. Bxg7 Kxg7 25. Rd7+ 1-0

[Event "Santa Eugenia op 17th"]
[Site "Santa Eugenia"]
[Date "2023.08.01"]
[Round "3"]
[White "Sabria Batlle, Pol"]
[Black "Turon Crosa, Isaac"]
[Result "1-0"]
[WhiteElo "2291"]
[BlackElo "1899"]
[PlyCount "41"]
[EventDate "2023.07.31"]
[EventType "swiss"]
[EventRounds "9"]
[EventCountry "ESP"]
[SourceTitle "CBM 215 Extra"]
[Source "ChessBase"]
[SourceDate "2023.09.30"]
[SourceVersion "1"]
[SourceVersionDate "2023.09.30"]
[SourceQuality "1"]

1. c4 Nf6 2. Nc3 e6 3. e4 d5 4. e5 d4 5. exf6 dxc3 6. bxc3 Qxf6 7. Bd3 Bc5 8. Nf3 0-0 9. 0-0 Nc6 10. Rb1 e5 11. Qc2 h6 12. Be4 Re8 13. Re1 b6 14. d4 exd4 15. Bh7+ Kf8 16. Rxe8+ Kxe8 17. cxd4 Bxd4 18. Qe4+ Qe6 19. Bf5 Qxe4 20. Bxe4 Bb7 21. Nxd4 1-0

[Event "Catalunya-chT Gp2 Final"]
[Site "Barcelona"]
[Date "2023.03.11"]
[Round "1.4"]
[White "Sabria Batlle, Pol"]
[Black "Campins Machado, Francesc"]
[Result "1/2-1/2"]
[WhiteElo "2291"]
[BlackElo "2176"]
[PlyCount "116"]
[EventDate "2023.03.11"]
[EventType "team-k.o."]
[EventRounds "4"]
[EventCountry "ESP"]
[SourceTitle "EXT 2024"]
[Source "ChessBase"]
[SourceDate "2023.10.10"]
[SourceVersion "1"]
[SourceVersionDate "2023.10.10"]
[SourceQuality "1"]
[WhiteTeam "Olot"]
[BlackTeam "Badalona Cor de Marina"]
[WhiteTeamCountry "ESP"]
[BlackTeamCountry "ESP"]

1. c4 Nf6 2. Nc3 e6 3. e4 d5 4. e5 d4 5. exf6 dxc3 6. bxc3 Qxf6 7. Bd3 e5 8. Nf3 Be7 9. 0-0 0-0 10. Re1 Bg4 11. Be4 Nd7 12. d4 exd4 13. cxd4 Bb4 14. Re3 Rae8 15. Rb1 c5 16. Bb2 Qf4 17. Qd3 Nf6 18. Ne5 h5 19. g3 Qh6 20. Bxb7 h4 21. Bg2 Qg5 22. Nxg4 Nxg4 23. Re4 hxg3 24. Qxg3 Rxe4 25. Bxe4 Bd2 26. dxc5 Bf4 27. Qg2 Bxh2+ 28. Kf1 Bf4 29. Bd4 Rd8 30. Bc3 Be3 31. f3 Qxc5 32. Qe2 Nf6 33. Rb5 Qc8 34. Qxe3 Qh3+ 35. Ke2 Nxe4 36. fxe4 Qg2+ 37. Ke1 Qh1+ 38. Kf2 Qh2+ 39. Kf3 Qh3+ 40. Kf2 Qh2+ 41. Kf3 Qh3+ 42. Kf2 Qh2+ 43. Kf1 Qh1+ 44. Kf2 Qh2+ 45. Kf3 Qh3+ 46. Kf2 Qh2+ 47. Kf3 Qh3+ 48. Kf2 Qh2+ 49. Ke1 Qh1+ 50. Kf2 Qh2+ 51. Kf3 Qh3+ 52. Kf2 Qh2+ 53. Kf3 Qh3+ 54. Kf2 Qh2+ 55. Kf3 Qh3+ 56. Kf2 Qh2+ 57. Kf3 Qh3+ 58. Kf2 Qh2+ 1/2-1/2

[Event "Catalunya-chT Gp2"]
[Site "Barcelona"]
[Date "2023.03.04"]
[Round "7.3"]
[White "Sabria Batlle, Pol"]
[Black "Valenzuela Gomez, Fernando Alberto"]
[Result "0-1"]
[WhiteElo "2298"]
[BlackElo "2371"]
[PlyCount "68"]
[EventDate "2023.01.21"]
[EventType "team-tourn"]
[EventRounds "7"]
[EventCountry "ESP"]
[SourceTitle "CBM 213 Extra"]
[Source "ChessBase"]
[SourceDate "2023.05.31"]
[SourceVersion "1"]
[SourceVersionDate "2023.05.31"]
[SourceQuality "1"]
[WhiteTeam "Olot"]
[BlackTeam "Barcelona Escacs CC"]
[WhiteTeamCountry "ESP"]
[BlackTeamCountry "ESP"]

1. c4 e6 2. Nf3 d5 3. g3 d4 4. Bg2 c5 5. e3 Nc6 6. exd4 cxd4 7. 0-0 Nf6 8. d3 Bc5 9. Bg5 h6 10. Bxf6 gxf6 11. Nbd2 h5 12. a3 a5 13. Qa4 Bd7 14. Ne4 Be7 15. c5 Kf8 16. Rac1 Be8 17. Nd6 Bxd6 18. cxd6 Qxd6 19. Qd1 Ne7 20. Nd2 Bc6 21. Bxc6 Nxc6 22. Ne4 Qe7 23. Re1 h4 24. Qf3 Ne5 25. Qe2 hxg3 26. hxg3 f5 27. Nd2 Ng4 28. Nf3 Qf6 29. Kg2 Re8 30. Rh1 Rg8 31. Qd2 f4 32. Qxf4 Qxf4 33. gxf4 Ne3+ 34. Kh3 Nd5 0-1

[Event "Platja d'Aro op-A 7th"]
[Site "Platja d'Aro"]
[Date "2019.06.30"]
[Round "8"]
[White "Sabria Batlle, Pol"]
[Black "Horton, Justin"]
[Result "1-0"]
[WhiteElo "2319"]
[BlackElo "2014"]
[PlyCount "75"]
[EventDate "2019.06.24"]
[EventType "swiss"]
[EventRounds "9"]
[EventCountry "ESP"]
[SourceTitle "CBM 191 Extra"]
[Source "ChessBase"]
[SourceDate "2019.09.30"]
[SourceVersion "1"]
[SourceVersionDate "2019.09.30"]
[SourceQuality "1"]

1. c4 e5 2. Nc3 Nf6 3. e3 d5 4. cxd5 Nxd5 5. Qc2 Nxc3 6. bxc3 Nd7 7. Nf3 Bd6 8. d4 Qe7 9. Be2 0-0 10. 0-0 Re8 11. e4 b6 12. Bg5 Qf8 13. Bd3 h6 14. Bh4 Bb7 15. Rfe1 Be7 16. Bg3 Bf6 17. Rad1 Qe7 18. h3 Rad8 19. a4 a5 20. Qa2 Ra8 21. Bb5 c6 22. Bc4 Rf8 23. Qb3 Ba6 24. Bxa6 Rxa6 25. Qc4 Raa8 26. Qxc6 Rac8 27. Qb5 Rfe8 28. Rd3 g6 29. Ree3 Bg7 30. Qb1 Rb8 31. Nd2 h5 32. Nf3 Rec8 33. Qc2 Bh6 34. Re1 Bf4 35. Bxf4 exf4 36. e5 Qe6 37. d5 Qf5 38. Nd4 1-0

[Event "Platja d'Aro op-A 7th"]
[Site "Platja d'Aro"]
[Date "2019.06.29"]
[Round "7"]
[White "Djuric, Stefan"]
[Black "Sabria Batlle, Pol"]
[Result "1-0"]
[WhiteElo "2376"]
[BlackElo "2319"]
[PlyCount "72"]
[EventDate "2019.06.24"]
[EventType "swiss"]
[EventRounds "9"]
[EventCountry "ESP"]
[SourceTitle "CBM 191 Extra"]
[Source "ChessBase"]
[SourceDate "2019.09.30"]
[SourceVersion "1"]
[SourceVersionDate "2019.09.30"]
[SourceQuality "1"]

1. e4 c5 2. Nf3 Nc6 3. c3 d5 4. exd5 Qxd5 5. d4 Bf5 6. Be3 cxd4 7. Nxd4 Nxd4 8. cxd4 a6 9. Nc3 Qd7 10. Bc4 Nf6 11. 0-0 e6 12. d5 e5 13. Na4 Rd8 14. Nb6 Qd6 15. Bb3 Be7 16. Ba4+ Bd7 17. Bxd7+ Nxd7 18. Nc4 Qb8 19. d6 Bf6 20. Qd5 0-0 21. Na5 Rc8 22. Rfd1 Rc2 23. b4 b5 24. Nc6 Qa8 25. Ne7+ Kh8 26. Qb3 Qe4 27. Rac1 Rc4 28. f3 Qh4 29. g3 Qh3 30. Rxc4 bxc4 31. Qxc4 h6 32. a4 g6 33. b5 axb5 34. axb5 Kg7 35. b6 Ra8 36. b7 Rb8 1-0

[Event "Catalunya-chT GpB final"]
[Site "Barcelona"]
[Date "2019.03.09"]
[Round "1.2"]
[White "Sabria Batlle, Pol"]
[Black "Gonzalez Rodriguez, Jorge Armando"]
[Result "1-0"]
[WhiteElo "2284"]
[BlackElo "2199"]
[PlyCount "92"]
[EventDate "2019.03.09"]
[EventType "team-tourn"]
[EventRounds "4"]
[EventCountry "ESP"]
[SourceTitle "EXT 2020"]
[Source "ChessBase"]
[SourceDate "2019.10.17"]
[SourceVersion "1"]
[SourceVersionDate "2019.10.17"]
[SourceQuality "1"]
[WhiteTeam "Olot"]
[BlackTeam "Figueres"]
[WhiteTeamCountry "ESP"]
[BlackTeamCountry "ESP"]

1. e4 e6 2. g3 d5 3. Bg2 dxe4 4. Nc3 c5 5. Nxe4 Nc6 6. d3 Nge7 7. Nf3 Nf5 8. Bf4 f6 9. g4 Nd6 10. Nfd2 Nxe4 11. Nxe4 Qd7 12. g5 f5 13. Qh5+ Kd8 14. Nc3 g6 15. Qd1 b6 16. d4 Bb7 17. dxc5 Bxc5 18. Qxd7+ Kxd7 19. 0-0-0+ Ke7 20. Rhe1 Rae8 21. Nb5 Rd8 22. Bd5 Nd4 23. Bxb7 Nxb5 24. Be5 Rxd1+ 25. Rxd1 Rf8 26. c3 Nd6 27. Ba6 Ne8 28. Bb5 Bd6 29. f4 Rf7 30. Bxe8 Bxe5 31. Bxf7 Bxf4+ 32. Kc2 Kxf7 33. Rd7+ Kg8 34. Rxa7 Bxg5 35. Rb7 Be3 36. b4 e5 37. a4 g5 38. a5 bxa5 39. bxa5 g4 40. a6 h5 41. Kd3 Bg1 42. a7 Bxa7 43. Rxa7 h4 44. Ke2 h3 45. Ra5 f4 46. Rxe5 g3 1-0

[Event "Catalunya-chT GpB final"]
[Site "Barcelona"]
[Date "2018.04.14"]
[Round "4.3"]
[White "Molina Carretero, Daniel"]
[Black "Sabria Batlle, Pol"]
[Result "0-1"]
[WhiteElo "2125"]
[BlackElo "2281"]
[PlyCount "50"]
[EventDate "2018.03.10"]
[EventType "team-tourn"]
[EventRounds "4"]
[EventCountry "ESP"]
[SourceTitle "EXT 2019"]
[Source "ChessBase"]
[SourceDate "2018.10.10"]
[SourceVersion "1"]
[SourceVersionDate "2018.10.10"]
[SourceQuality "1"]
[WhiteTeam "Gerunda"]
[BlackTeam "Olot"]
[WhiteTeamCountry "ESP"]
[BlackTeamCountry "ESP"]

1. d4 Nf6 2. c4 e6 3. Nf3 d5 4. g3 Bb4+ 5. Bd2 Bd6 6. Bg2 c6 7. 0-0 0-0 8. Qc2 Nbd7 9. Bg5 h6 10. Bxf6 Nxf6 11. Nbd2 b6 12. e4 Be7 13. e5 Nd7 14. cxd5 cxd5 15. Qc6 Rb8 16. Rfc1 Nc5 17. dxc5 Bd7 18. Nd4 Bxc6 19. Nxc6 Qc7 20. Nxb8 bxc5 21. Na6 Qa5 22. b4 Qxa6 23. bxc5 Rc8 24. Nb3 Qa3 25. Rc3 Rxc5 0-1

[Event "Palafrugell Gelpi Memorial 30th"]
[Site "Palafrugell"]
[Date "2017.11.18"]
[Round "9"]
[White "Sabria Batlle, Pol"]
[Black "Parramon Ros, Francesco"]
[Result "1-0"]
[WhiteElo "2255"]
[BlackElo "2068"]
[PlyCount "93"]
[EventDate "2017.09.23"]
[EventType "swiss"]
[EventRounds "9"]
[EventCountry "ESP"]
[SourceTitle "CBM 187 Extra"]
[Source "ChessBase"]
[SourceDate "2018.11.04"]
[SourceVersion "1"]
[SourceVersionDate "2018.11.04"]
[SourceQuality "1"]

1. e4 Nf6 2. Nc3 e6 3. d4 Bb4 4. Bd3 Nc6 5. Nf3 d5 6. e5 Ne4 7. 0-0 Nxc3 8. bxc3 Bxc3 9. Rb1 b6 10. Rb3 Ba5 11. c3 Bb7 12. Ng5 Qd7 13. Qh5 g6 14. Qf3 0-0-0 15. Qxf7 Rdf8 16. Qxe6 Nd8 17. Qxd7+ Kxd7 18. Bb5+ c6 19. Be2 h6 20. Bg4+ Ke8 21. Nh3 Ba6 22. Re1 Bc4 23. Ra3 c5 24. dxc5 h5 25. Be2 Ne6 26. Bxc4 dxc4 27. Be3 Rf5 28. f4 Rhf8 29. Rb1 Nxf4 30. Nxf4 Rxf4 31. cxb6 Bxb6 32. Bxb6 axb6 33. Ra8+ Kd7 34. Rxf8 Rxf8 35. Rxb6 Rf5 36. Rd6+ Ke7 37. Rd4 Rxe5 38. Rxc4 Re2 39. a4 Kd6 40. h4 Kd5 41. Rb4 Ra2 42. Kh2 Ra3 43. g3 Rxc3 44. Rb6 g5 45. Rb5+ Ke4 46. Rxg5 Kf3 47. Rf5+ 1-0

[Event "Palafrugell Gelpi Memorial 30th"]
[Site "Palafrugell"]
[Date "2017.11.11"]
[Round "8"]
[White "Dilme Bosch, Enric"]
[Black "Sabria Batlle, Pol"]
[Result "0-1"]
[WhiteElo "1957"]
[BlackElo "2255"]
[PlyCount "48"]
[EventDate "2017.09.23"]
[EventType "swiss"]
[EventRounds "9"]
[EventCountry "ESP"]
[SourceTitle "CBM 187 Extra"]
[Source "ChessBase"]
[SourceDate "2018.11.04"]
[SourceVersion "1"]
[SourceVersionDate "2018.11.04"]
[SourceQuality "1"]

1. e4 c5 2. Nf3 e6 3. d4 cxd4 4. Nxd4 a6 5. Bd3 Bc5 6. Nb3 Ba7 7. 0-0 Nc6 8. Kh1 Qh4 9. Qe2 Nf6 10. g3 Qh3 11. Nc3 d6 12. f3 b5 13. Be3 0-0 14. Rad1 Bb7 15. Rg1 Ne5 16. Bxa7 Rxa7 17. Qf2 Raa8 18. Bf1 Qh6 19. Rxd6 Rac8 20. Na5 Ba8 21. a3 Nxf3 22. Qxf3 Rxc3 23. Qxc3 Nxe4 24. Qd4 Nf2# 0-1

[Event "Palafrugell Gelpi Memorial 30th"]
[Site "Palafrugell"]
[Date "2017.10.14"]
[Round "4"]
[White "Vidal Zamora, Alex"]
[Black "Sabria Batlle, Pol"]
[Result "1/2-1/2"]
[WhiteElo "2372"]
[BlackElo "2255"]
[PlyCount "34"]
[EventDate "2017.09.23"]
[EventType "swiss"]
[EventRounds "9"]
[EventCountry "ESP"]
[SourceTitle "CBM 187 Extra"]
[Source "ChessBase"]
[SourceDate "2018.11.04"]
[SourceVersion "1"]
[SourceVersionDate "2018.11.04"]
[SourceQuality "1"]

1. d4 Nf6 2. c4 g6 3. g3 Bg7 4. Bg2 c5 5. Nf3 0-0 6. 0-0 cxd4 7. Qxd4 Nc6 8. Qh4 Qa5 9. Nc3 Qh5 10. Qxh5 Nxh5 11. Be3 d6 12. Rac1 Bd7 13. Rfd1 Rfd8 14. Nd4 Nxd4 15. Bxd4 Bxd4 16. Rxd4 Rac8 17. b3 Bc6 1/2-1/2

[Event "Palafrugell Gelpi Memorial 30th"]
[Site "Palafrugell"]
[Date "2017.09.23"]
[Round "1"]
[White "Sabria Batlle, Pol"]
[Black "Xifra Tome, Bernat"]
[Result "1-0"]
[WhiteElo "2255"]
[BlackElo "1752"]
[PlyCount "59"]
[EventDate "2017.09.23"]
[EventType "swiss"]
[EventRounds "9"]
[EventCountry "ESP"]
[SourceTitle "CBM 187 Extra"]
[Source "ChessBase"]
[SourceDate "2018.11.04"]
[SourceVersion "1"]
[SourceVersionDate "2018.11.04"]
[SourceQuality "1"]

1. e4 e6 2. g3 d5 3. Bg2 Nf6 4. e5 Nfd7 5. d4 c5 6. c3 Nc6 7. f4 Qb6 8. Nf3 Be7 9. 0-0 0-0 10. Kh1 Qc7 11. Be3 b6 12. Rf2 a5 13. Na3 Ba6 14. Nc2 c4 15. f5 exf5 16. Bf4 Qb7 17. Ne3 Nd8 18. Nxf5 Re8 19. N3h4 Bb5 20. Qg4 g6 21. Raf1 Nf8 22. Nxe7+ Qxe7 23. Bxd5 Bd7 24. Qg5 Nfe6 25. Qxe7 Rxe7 26. Bxa8 g5 27. Nf5 Re8 28. Be3 Nc7 29. Be4 Be6 30. Bxg5 1-0

[Event "Costa Brava op 29th"]
[Site "Costa Brava"]
[Date "2016.11.26"]
[Round "8"]
[White "Sabria Batlle, Pol"]
[Black "Parals Marce, Luis"]
[Result "1-0"]
[WhiteElo "2282"]
[BlackElo "2075"]
[PlyCount "75"]
[EventDate "2016.09.24"]
[EventType "swiss"]
[EventRounds "9"]
[EventCountry "ESP"]
[SourceTitle "EXT 2018"]
[Source "ChessBase"]
[SourceDate "2017.10.13"]
[SourceVersion "1"]
[SourceVersionDate "2017.10.13"]
[SourceQuality "1"]

1. e4 c6 2. d4 d5 3. e5 Bf5 4. Nf3 e6 5. Be2 Bg6 6. 0-0 Ne7 7. Nbd2 Nf5 8. Nb3 Nd7 9. Bd2 Be7 10. g4 Nh4 11. Nxh4 Bxh4 12. f4 Be4 13. Be3 h6 14. Bd3 Bxd3 15. Qxd3 Be7 16. f5 Nf8 17. Rf3 Qd7 18. Raf1 f6 19. Bf4 0-0-0 20. Kh1 fxe5 21. Bxe5 exf5 22. gxf5 Bf6 23. Nc5 Qf7 24. Qa3 Bxe5 25. dxe5 b6 26. Rb3 Qc7 27. Rff3 Nd7 28. Ne6 Qb7 29. Nxd8 Rxd8 30. Qe7 c5 31. Qxg7 d4 32. e6 c4 33. exd7+ Kb8 34. Qg3+ Ka8 35. Rb4 b5 36. a4 a6 37. axb5 axb5 38. Qg2 1-0

[Event "Costa Brava op 29th"]
[Site "Costa Brava"]
[Date "2016.10.15"]
[Round "3"]
[White "Giralt Toro, Julio"]
[Black "Sabria Batlle, Pol"]
[Result "0-1"]
[WhiteElo "1543"]
[BlackElo "2282"]
[PlyCount "77"]
[EventDate "2016.09.24"]
[EventType "swiss"]
[EventRounds "9"]
[EventCountry "ESP"]
[SourceTitle "EXT 2018"]
[Source "ChessBase"]
[SourceDate "2017.10.13"]
[SourceVersion "1"]
[SourceVersionDate "2017.10.13"]
[SourceQuality "1"]

1. d4 d5 2. e3 Nf6 3. Bd3 Nc6 4. c3 e5 5. dxe5 Nxe5 6. Be2 Bd6 7. Nf3 Ng6 8. 0-0 c6 9. Nbd2 0-0 10. c4 Re8 11. cxd5 Nxd5 12. Nc4 Bc7 13. Qc2 Qf6 14. Bd2 Bg4 15. Bc3 Nxc3 16. Qxc3 Qxc3 17. bxc3 Nf4 18. Bd1 Nd5 19. Rc1 c5 20. Ncd2 b6 21. h3 Bd7 22. c4 Nb4 23. a3 Nd3 24. Rc3 Nb2 25. Bb3 Red8 26. Rb1 Na4 27. Rcc1 Bc6 28. Rc2 Rd3 29. Ne1 Rd7 30. Nef3 Rad8 31. Re1 Rd3 32. Kf1 f6 33. Re2 Nc3 34. Re1 Ne4 35. Rd1 Rxb3 36. Nxb3 Rxd1+ 37. Ke2 Rb1 38. Nbd2 Ba4 39. Ra2 0-1

[Event "Figueres op-A 16th"]
[Site "Figueres"]
[Date "2015.08.17"]
[Round "8"]
[White "Sabria Batlle, Pol"]
[Black "Mellado Trivino, Juan"]
[Result "1/2-1/2"]
[WhiteElo "2251"]
[BlackElo "2442"]
[PlyCount "113"]
[EventDate "2015.08.11"]
[EventType "swiss"]
[EventRounds "9"]
[EventCountry "ESP"]
[SourceTitle "EXT 2016"]
[Source "ChessBase"]
[SourceDate "2015.10.08"]
[SourceVersion "1"]
[SourceVersionDate "2015.10.08"]
[SourceQuality "1"]

1. e4 d5 2. exd5 Qxd5 3. Nc3 Qd6 4. d4 Nf6 5. Nf3 a6 6. Ne5 Nc6 7. Nxc6 Qxc6 8. d5 Qd6 9. Be2 Bf5 10. 0-0 0-0-0 11. Bf3 e6 12. dxe6 Qxd1 13. Rxd1 Rxd1+ 14. Nxd1 Bxe6 15. a3 Bd6 16. Bg5 Be5 17. Ne3 h6 18. Bxf6 Bxf6 19. c3 Rd8 20. Rd1 Rxd1+ 21. Bxd1 Bg5 22. g3 Bxe3 23. fxe3 Kd7 24. Kf2 Kd6 25. e4 Ke5 26. Ke3 c5 27. Kf3 Ba2 28. Bc2 Bc4 29. Ke3 f6 30. Kf2 Bg8 31. Kf3 Bh7 32. Ke3 Bg6 33. Bd3 Bf7 34. Bc2 c4 35. Bd1 Be8 36. Be2 b5 37. Bd1 Bg6 38. Bf3 Bh7 39. Bg2 g5 40. Bf3 Bg6 41. g4 Be8 42. Bd1 Bd7 43. Bf3 Bc6 44. Bg2 Be8 45. Bf3 Bg6 46. h3 Be8 47. Bd1 Bf7 48. Be2 Be8 49. Bd1 Bg6 50. Bf3 a5 51. Bg2 h5 52. Bf3 hxg4 53. hxg4 Be8 54. Be2 Bd7 55. Bf3 Bc6 56. Bg2 Bb7 57. Bf3 1/2-1/2

[Event "Palafrugell Gelpi Memorial 24th"]
[Site "Palafrugell"]
[Date "2011.11.05"]
[Round "6.1"]
[White "Luke Brezmes, Cristofer"]
[Black "Sabria Batlle, Pol"]
[Result "1-0"]
[WhiteElo "2045"]
[BlackElo "2230"]
[PlyCount "123"]
[EventDate "2011.09.24"]
[EventType "swiss"]
[EventRounds "9"]
[EventCountry "ESP"]
[SourceTitle "EXT 2024"]
[Source "ChessBase"]
[SourceDate "2023.10.10"]
[SourceVersion "1"]
[SourceVersionDate "2023.10.10"]
[SourceQuality "1"]

1. e4 c5 2. Nf3 e6 3. d4 cxd4 4. Nxd4 a6 5. Nc3 b5 6. Bd3 Bb7 7. 0-0 Nc6 8. Nxc6 Bxc6 9. Re1 Bc5 10. a4 b4 11. Nd5 Ne7 12. Nxe7 Qxe7 13. e5 0-0 14. Qh5 f5 15. exf6 Bxf2+ 16. Kh1 gxf6 17. Rf1 Bb6 18. Bh6 Rf7 19. Rf4 f5 20. Bg5 Rg7 21. h4 Qf7 22. Qxf7+ Kxf7 23. Rxb4 Ba5 24. Rc4 Rag8 25. Be2 Rb8 26. Bh5+ Kg8 27. Bf3 Bxf3 28. gxf3 Kf7 29. Rd1 Kg6 30. Bf4 Rd8 31. Be5 Rgg8 32. b4 Bb6 33. Bc7 Bxc7 34. Rxc7 d5 35. Rc6 Kf6 36. Rxa6 Rg3 37. Re1 Re8 38. b5 Rxf3 39. Kg2 Rc3 40. Re2 f4 41. Kf2 Kf5 42. b6 e5 43. Ra7 Rb8 44. a5 e4 45. b7 f3 46. a6 Rc7 47. Ra8 Rbxb7 48. axb7 Rxb7 49. Rd2 Kf4 50. Rf8+ Ke5 51. Ke3 Rb5 52. h5 Rc5 53. Re8+ Kf5 54. Kd4 Rc7 55. c4 Rxc4+ 56. Kxd5 Ra4 57. Rf8+ Kg4 58. Rd4 Ra5+ 59. Kxe4 Ra7 60. Rg8+ Kxh5 61. Kxf3 h6 62. Rd5+ 1-0

[Event "Palafrugell Gelpi Memorial 24th"]
[Site "Palafrugell"]
[Date "2011.10.22"]
[Round "4.1"]
[White "Coronado Iruela, Manuel"]
[Black "Sabria Batlle, Pol"]
[Result "1/2-1/2"]
[WhiteElo "2067"]
[BlackElo "2230"]
[PlyCount "71"]
[EventDate "2011.09.24"]
[EventType "swiss"]
[EventRounds "9"]
[EventCountry "ESP"]
[SourceTitle "EXT 2024"]
[Source "ChessBase"]
[SourceDate "2023.10.10"]
[SourceVersion "1"]
[SourceVersionDate "2023.10.10"]
[SourceQuality "1"]

1. d4 Nf6 2. Bg5 Ne4 3. Bf4 c5 4. f3 Qa5+ 5. c3 Nf6 6. Nd2 cxd4 7. Nb3 Qb6 8. Qxd4 Nc6 9. Qxb6 axb6 10. Be3 d6 11. Bxb6 Be6 12. Nd4 Ra6 13. Nxc6 bxc6 14. Bd4 Rxa2 15. Rxa2 Bxa2 16. e4 e5 17. Be3 Be7 18. Bd3 0-0 19. Ne2 Rb8 20. Bc1 d5 21. exd5 cxd5 22. 0-0 e4 23. fxe4 Bc5+ 24. Nd4 dxe4 25. Bc2 Bxd4+ 26. cxd4 Rc8 27. Ba4 Rc4 28. b3 Rxd4 29. Bb2 Rd3 30. Bxf6 gxf6 31. Rxf6 e3 32. Kf1 Bxb3 33. Bxb3 Rxb3 34. Rf3 Rb1+ 35. Ke2 Rb2+ 36. Kf1 1/2-1/2